000 00380nam a2200157Ia 4500
003 0STCL
008 150530s9999 xx 000 0 und d
040 _aSTCL
_cSTCL
100 _aSudershan Savara, K.; Ed
245 _aIndia at a glance twenty years of freedom 1947-1967
260 _c1967
546 _aEnglish
942 _2ddc
_cBK
999 _c8488
_d8488
005 20220125165511.0